Nanoscopic materials: size dependet phenomena
保存先:
| 第一著者: | |
|---|---|
| フォーマット: | 図書 |
| 言語: | 英語 |
| 出版事項: |
Stuttgart
The Royal Society of Chemistry
2005
|
| 主題: | |
| タグ: |
タグ追加
タグなし, このレコードへの初めてのタグを付けませんか!
|
MARC
| LEADER | 00000nam a2200000 a 4500 | ||
|---|---|---|---|
| 001 | UCI1040 | ||
| 003 | CL-VaPUC | ||
| 008 | 070615e20051000GW |||||||||||||||||eng|d | ||
| 020 | |a 9780854048571 | ||
| 082 | 0 | 4 | |a 620.5 |b ROD |2 21 |
| 100 | 0 | |a Roduner, Emil |e author |9 521323 | |
| 245 | 1 | 0 | |a Nanoscopic materials: size dependet phenomena |
| 300 | |a 285 p | ||
| 942 | |c BK | ||
| 945 | |d 20070615 00:00:00 |a jtorresc | ||
| 260 | |a Stuttgart |b The Royal Society of Chemistry |c 2005 | ||
| 650 | 0 | |a Nanotecnología |9 519025 | |
| 650 | 7 | |a MECANICA MOLECULAR |2 CL-VaPUC |9 521324 | |
| 650 | 0 | |a Materiales |9 260800 | |
| 583 | |a last modification |c 20070615 00:00:00 |k Rodrigo Vera | ||
| 999 | |c 325958 |d 325956 | ||
| 952 | |0 0 |1 0 |4 0 |6 620_500000000000000_ROD_2005 |7 0 |8 A |9 407506 |a BIBCUR |b BIBCUR |d 2019-11-22 |i 4348508 |o 620.5 ROD 2005 |p 4348508 |r 2025-04-22 |w 2019-11-22 |y BK |k QUI | ||